Los lenguajes del arte: aproximación a la teoría de los símbolos

Guardat en:
Dades bibliogràfiques
Autor principal: Goodman, Nelson (Autor)
Format: Llibre
Idioma:espanyol
Publicat: Barcelona Paidós 2010
Edició:1a. ed
Col·lecció:Paidós Estética, 39
Matèries:
Etiquetes: Afegir etiqueta
Sense etiquetes, Sigues el primer a etiquetar aquest registre!

MARC

LEADER 00000cam a2200000 a 4500
001 UCC9387
003 CL-VaPUC
005 20250127163740.0
008 190927e20100000sp |||||||||||||||||spa|d
020 |a 9788449324451 
040 |c Pontificia Universidad Católica de Valparaíso 
082 0 4 |a 700.1  |b GOO  |2 21 
100 |a Goodman, Nelson  |e author  |9 393 
245 1 4 |a Los lenguajes del arte: aproximación a la teoría de los símbolos 
250 |a 1a. ed 
260 |a Barcelona  |b Paidós  |c 2010 
300 |a 254 p 
490 0 |a Paidós Estética, 39 
583 |a last modification  |c 20190927 15:31:00  |k Rodrigo Vera 
650 0 |a Artes  |9 268202 
650 0 |a Estética   |9 264950 
650 0 |a Creación artística   |9 266215 
650 0 |a Símbolos  |9 267425 
650 0 |a Lenguajes simbólicos  |9 328174 
942 |c BK 
945 |d 20190927 15:31:00  |a dcastane 
999 |c 375568  |d 375566 
952 |0 0  |1 0  |3 erb  |4 0  |6 700_100000000000000_GOO_2010  |7 0  |8 ?  |9 494574  |a BIBEDU  |b BIBEDU  |i 5561388  |l 2  |o 700.1 GOO 2010  |p 5561388  |r 2022-05-20  |s 2022-05-20  |w 2019-11-24  |y BK  |z Catalogado en:20190927  |k FIL